000
00342 a2200157 4500
001
169364
020
_a
040
_c
Magnum
100
_a
Pereira, Ieda Lucia Lima
240
1
0
_a
Educacao com consciencia - v.1
_l
por
245
1
0
_a
Educacao com consciencia - v.1
362
0
_a
1899
440
1
_a
Gente
697
_a
ENSINO
942
_c
BK
999
_c
169364
_d
169364